| 000 | 00631nam a22002297a 4500 | ||
|---|---|---|---|
| 001 | sjds | ||
| 003 | sjds | ||
| 005 | 20221220160240.0 | ||
| 008 | 220628b mx ||||| |||| 00| 0 spa d | ||
| 020 | _a9682902614 | ||
| 020 | _a9789682902611 | ||
| 040 | _csjds | ||
| 041 | _aspa | ||
| 100 | 1 | 0 | _aJacob, Esther |
| 245 | 1 | 4 |
_aLas tortugas de mar / _cEsther Jacob; Felipe Davalos [ill.]. |
| 246 | _aLas tortugas de mar | ||
| 260 |
_aMexico, D.F. : _bConsejo Nacional de Fomento Educativo, _c 1998 |
||
| 300 |
_a47 p. [ _b ill. |
||
| 440 |
_aSerie Educacion ambiental, _n1998: 1 |
||
| 700 | 1 | 0 | _aDavalos, Felipe |
| 942 |
_cBK _2ddc |
||
| 999 |
_c27189 _d27189 |
||